Представление документа в формате MARC21

ПолеНазваниеЗначение
  Тип записи a
  Библиографический уровень m
001 Контрольный номер RU/URAIT/540616
003 Принадлежность контрольного номера https://urait.ru/bcode/540616
005 Дата корректировки 20240827112649.1
008 Кодируемые данные
020 Индекс ISBN __
a ISBN 978-5-534-08079-7
c Цена, тираж 439.00
040 Источник каталогиз. __
a Служба первич. каталог. ИКО Юрайт
b Код языка каталог. rus
c Служба, преобразующая запись ИКО Юрайт
041 Код языка издания 0_
a Код языка текста rus
044 Код страны публикации __
a Код страны публикации RU
073 _1
a 9785534080797
d 439.00
080 Индекс УДК __
a Индекс УДК 519.87(075.8)
084 Индекс другой классификации/Индекс ББК __
a Индекс другой классификации/Индекс ББК 22.16я73
2 Источник индекса rubbk
091 Индексы/ коды __
a Индекс ББК (DOS) 22.16я73
z rubbk
100 Автор 1_
a Автор Орел Е. Н.
q Полное имя Евгений Николаевич
230 __
a Электрон. дан.
245 Заглавие 00
a Заглавие Непрерывные математические модели
b Продолж. заглавия учебное пособие
c Ответственность Е. Н. Орел, О. Е. Орел.
250 Сведения об издании __
a Основные сведения об издании 2-е изд.
b Дополнительные сведения об издании испр. и доп
260 Выходные данные 1_
a Место издания Москва
b Издательство Юрайт
c Дата издания 2024
300 Физическое описание __
a Объем 120 с
440 Серия _0
a Серия Высшее образование
500 Примечания __
a Примечание URL: https://urait.ru/bcode/540616 (дата обращения: 27.08.2024).
520 Аннотация __
a Аннотация Учебное пособие посвящено теме математического моделирования в экономике. Автор рассматривает разнообразные методы и модели в зависимости от поставленных задач — непрерывные модели статистического анализа (модели равновесного анализа, математический аппарат сравнительной статики и оптимизации, одномерную и многомерную оптимизацию, модели сравнительной статики и др.) и модели динамической оптимизации (глобальный экстремум в задачах вариационного исчисления, оптимальное управление автономными системами и т. д.). Издание содержит приложения, иллюстрации, примеры и упражнения для самостоятельного изучения.
538 Прим. о системных особенностях __
a Прим. о системных особенностях Режим доступа: Электронно-библиотечная система Юрайт, для авториз. пользователей
653 Ключевые слова 2_
a Ключевые слова Математика: общие работы
653 Ключевые слова 2_
a Ключевые слова Математика и статистика
653 Ключевые слова 2_
a Ключевые слова Непрерывные математические модели
653 Ключевые слова 2_
a Ключевые слова Принципы построения математических моделей
700 Другие авторы 1_
a Другие авторы Орел О. Е.
q Полное имя Ольга Евгеньевна
856 Электронный адрес документа 40
n Местонахождение сервера Юрайт
g Электронная книга
q Тип электронного формата html
h Имя пользователя ЮРАЙТ
v Часы доступа к ресурсу 20251231
2 Способ доступа Показать документ
x Служебное примечание https://urait.ru/book/cover/91104A9D-7A3B-442D-BF51-133CF00AF86C
u URL https://urait.ru/bcode/540616
856 Электронный адрес документа 41
q Тип электронного формата cover
u URL https://urait.ru/book/cover/91104A9D-7A3B-442D-BF51-133CF00AF86C